01017nam a2200229Ia 4500008004100000020001500041082000800056100001500064245003900079250000800118260003300126300001100159500002400170650001900194942000700213952009600220952012000316952012000436952012000556952009600676999001500772230524s9999 xx 000 0 und d a8121913373 bKHU aR.S.Khurmi 2aA Text Book of Thermal Engineering a1ST aNEW DELHIbS.K.Katariac2005 aIV;887 aQuantity Number: 5 aThermodynamics cBK 00104070aTATCLbTATCLcGENd2023-05-24l0o KHUp830r2023-05-24w2023-05-24yBKzBE2103 00104070aTATCLbTATCLcGENd2023-05-24l1o KHUp831q2014-08-29r2024-02-01s2024-02-01w2023-05-24yBKzBE2103 00104070aTATCLbTATCLcGENd2023-05-24l1o KHUp832q2025-08-02r2025-01-04s2025-01-04w2023-05-24yBKzBE2103 00104070aTATCLbTATCLcGENd2023-05-24l1o KHUp833q2014-08-29r2024-02-01s2024-02-01w2023-05-24yBKzBE2103 00104070aTATCLbTATCLcGENd2023-05-24l0o KHUp834r2023-05-24w2023-05-24yBKzBE2103 c1447d1447